00321nam a2200121Ia 4500008004100000041000800041082001500049100002200064245004500086260003500131300002600166365000700192240624s9999 xx 000 0 und d aeng a658.05 LIN aLINTHICUM DAVID S aB2B APPLICATION INTEGERATION EBUSINESS E c2001aDelhibPearson Education axxi, : 408 : cm. ; 24 cRS